Catholicism by Photo - Statistics

General Stats
  • This quiz has been taken 130 times
  • The average score is 12 of 18
Answer Stats
Picture Hint Answer % Correct
Sacrament Baptism
97%
Pope John Paul II
85%
Prayer Rosary
85%
Liturgical Season Advent
78%
Liturgical Day Ash Wednesday
76%
Vessel Chalice
71%
Box Tabernacle
68%
Ordained Minister Deacon
67%
Aromatic Sacramental Incense
65%
Country Vatican City
64%
Sacrament Anointing of the Sick
63%
Vessel Monstrance
60%
Saint Thomas Aquinas
56%
Religious Order Dominicans
55%
Liturgical Day Good Friday
51%
Garment Scapular
50%
Devotion Divine Mercy
48%
Prayer Angelus
26%
No matching quizzes found
Score Distribution
Percent of People with Each Score
Percentile by Number Answered
Your Score History
You have not taken this quiz